Reaktory nechceme iba rušiť šéf sekcie energetiky na ministerstve hospodárstva Marián Naniaš v rozhovore pre HN

Podrobná bibliografia
Hlavný autor: Kóňa, Martin (Autor, Tazateľ)
Médium: Článok
Jazyk:slovenčina
Fyzický popis:Fotogr.
ISSN:1335-4701
Predmet:

MARC

LEADER 00000nab a2200000 a 4500
001 vtls009007434
003 SK-MaSNL
005 20260426100910.0
008 140301c20070104xo dr|p|||||||000 b|slo
015 |a SNBRB2007/07  |2 snkbucl 
038 |a SNKBUCL 
040 |a SNKBUCL  |b slo  |c SNKBUCL  |e AACR2 
041 0 |a slo 
044 |a xo  |c SK 
080 |a 620.9  |x (437.6)  |2 2001 
080 |a 621.039  |x (437.6)  |2 2001 
100 1 |a Kóňa, Martin  |4 ivr  |4 aut  |9 1032639 
245 1 0 |a Reaktory nechceme iba rušiť  |b šéf sekcie energetiky na ministerstve hospodárstva Marián Naniaš v rozhovore pre HN  |c [zhováral sa] Martin Kóňa 
300 |b Fotogr. 
650 0 7 |a energetika  |2 snkbucl  |9 3680 
650 0 7 |a jadrová energetika  |2 snkbucl  |9 59350 
651 7 |a Slovensko  |2 snkbucl  |9 14231 
700 1 |a Naniaš, Marián  |4 ive  |9 1164341 
773 0 |t Hospodárske noviny  |g Roč. XV., č. 3 (4.1.2007), s. 4  |x 1335-4701 
852 |a SNK  |b KIS3GCP 
958 |a SK 
999 |c 3211575  |d 3213505